Loading...
| Philosophy | 1 | 5 | 0 | 0 | 65 | 65 | 110.33 | 2 | 6 | 0.00 | 0.00 |
| Literature - British | 1 | 3 | 2 | 0 | 35 | 63 | 111.50 | 1 | 4 | 0.00 | 0.00 |
| Literature - World | 1 | 2 | 0 | 0 | 35 | 78 | 94.67 | 1 | 3 | 0.00 | 0.00 |
| Social Science | 1 | 2 | 1 | 0 | 30 | 48 | 89.67 | 2 | 2 | 0.00 | 0.00 |
| Mythology | 0 | 3 | 0 | 0 | 30 | 81 | 110.00 | 1 | 3 | 0.00 | 0.00 |
| History - Ancient/Other | 0 | 2 | 0 | 1 | 20 | 90 | 115.50 | 0 | 0 | 0.00 | 0.00 |
| Literature - European | 0 | 2 | 1 | 0 | 15 | 95 | 107.00 | 1 | 2 | 0.00 | 0.00 |
| History - American | 0 | 1 | 0 | 0 | 10 | 120 | 120.00 | 0 | 0 | 0.00 | 0.00 |
| Geography | 0 | 1 | 0 | 0 | 10 | 106 | 106.00 | 0 | 1 | 0.00 | 0.00 |
| Literature - American | 0 | 2 | 3 | 0 | 5 | 110 | 115.00 | 0 | 2 | 0.00 | 0.00 |
| Fine Arts - Visual | 0 | 0 | 1 | 0 | -5 | 0.00 | 0 | 0 | 0.00 | 0.00 | |
| Current Events | 0 | 0 | 1 | 0 | -5 | 0.00 | 0 | 0 | 0.00 | 0.00 | |
| Religion | 0 | 0 | 1 | 0 | -5 | 0.00 | 0 | 0 | 0.00 | 0.00 | |
| Fine Arts - Other | 0 | 0 | 2 | 0 | -10 | 0.00 | 0 | 0 | 0.00 | 0.00 |